Score 0/12 Timer 03:00
1 Play Today
% Correct
Cars (2006)
94.9%
Batman: The Animated Series (1992-1995)
94.9%
The Flintstones (1960-1966)
94.8%
Scooby Doo, Where Are You (1969-1970)
93.9%
The Jetsons (1962-1963)
93.4%
Speed Racer (1967-1968)
92.7%
Despicable Me (2010)
92.3%
Family Guy (1999-present)
92.1%
The Real Ghostbusters (1986-1991)
91.4%
The Simpsons (1989-present)
90.6%
Speed Buggy (1973)
88.6%
Inspector Gadget (1982-1986)
81.6%
Remove Ads.
Support Sporcle.
Get the best of Sporcle when you Go Orange. This ad-free experience offers more features, more stats, and more fun while also helping to support Sporcle. Thank you for becoming a member.

You're not logged in!

Compare scores with friends on all Sporcle quizzes.
OR
Log In

Show Comments

Extras

Top Quizzes Today


Score Distribution

Your Account Isn't Verified!

In order to create a playlist on Sporcle, you need to verify the email address you used during registration. Go to your Sporcle Settings to finish the process.

Report this User

Report this user for behavior that violates our Community Guidelines.

Details: